[Event "HUN-chT2 Szechenyi 2223"]
[Site "Hungary"]
[Date "2023.04.23"]
[Round "9.4"]
[White "Lamik, Janos"]
[Black "Bakos, Nandor"]
[Result "1/2-1/2"]
[WhiteElo "1959"]
[BlackElo "1877"]
[PlyCount "90"]
[EventDate "2022.11.20"]
[EventType "team-tourn"]
[EventRounds "9"]
[EventCountry "HUN"]
[SourceTitle "EXT 2025"]
[Source "ChessBase"]
[SourceDate "2024.10.14"]
[SourceVersion "1"]
[SourceVersionDate "2024.10.14"]
[SourceQuality "1"]
[WhiteTeam "Kisber Aszar"]
[BlackTeam "Tapolca VSE II"]
[WhiteTeamCountry "HUN"]
[BlackTeamCountry "HUN"]

1. d4 Nf6 2. Nf3 c5 3. c4 e6 4. Nc3 d5 5. cxd5 Nxd5 6. e4 Nxc3 7. bxc3 cxd4 8. cxd4 Bb4+ 9. Bd2 Qa5 10. a3 Bxd2+ 11. Qxd2 Qxd2+ 12. Kxd2 0-0 13. Ke3 Nc6 14. Bb5 Ne7 15. Ne5 a6 16. Ba4 b5 17. Bb3 a5 18. Rhc1 a4 19. Ba2 Ra7 20. Rc5 Ba6 21. Rac1 Rb8 22. d5 exd5 23. exd5 Rd8 24. d6 Nf5+ 25. Kf4 Nd4 26. Rd1 Rxd6 27. Rd5 Ne6+ 28. Ke3 Rxd5 29. Bxd5 g6 30. Bxe6 fxe6 31. Rd6 b4 32. Nc6 Rc7 33. Nxb4 Bc4 34. Rc6 Rxc6 35. Nxc6 Kg7 36. Ne5 Bd5 37. f3 Kf6 38. Kd4 Kf5 39. Nd3 g5 40. h3 h5 41. Ke3 Bc4 42. Nc5 Bb5 43. Ne4 Bc6 44. Ng3+ Kg6 45. Ne2 h4 1/2-1/2

[Event "HUN-chT2 Szechenyi 2223"]
[Site "Hungary"]
[Date "2023.02.19"]
[Round "6.5"]
[White "Lamik, Janos"]
[Black "Zamodics, Ferenc"]
[Result "1/2-1/2"]
[WhiteElo "1950"]
[BlackElo "1776"]
[PlyCount "53"]
[EventDate "2022.11.20"]
[EventType "team-tourn"]
[EventRounds "9"]
[EventCountry "HUN"]
[SourceTitle "EXT 2025"]
[Source "ChessBase"]
[SourceDate "2024.10.14"]
[SourceVersion "1"]
[SourceVersionDate "2024.10.14"]
[SourceQuality "1"]
[WhiteTeam "Kisber Aszar"]
[BlackTeam "Arboretum Hereny KSE"]
[WhiteTeamCountry "HUN"]
[BlackTeamCountry "HUN"]

1. Nf3 d5 2. d4 Nf6 3. g3 e6 4. Bg2 c5 5. 0-0 Nc6 6. c3 cxd4 7. Nxd4 Be7 8. Bg5 h6 9. Bxf6 Bxf6 10. e3 0-0 11. Nd2 a6 12. Re1 Nxd4 13. exd4 b5 14. Nf3 Qb6 15. Qd2 Rb8 16. Ne5 Bxe5 17. Rxe5 b4 18. Rc1 bxc3 19. bxc3 Qb2 20. Rc2 Qb1+ 21. Re1 Qb6 22. c4 dxc4 23. Rxc4 Rd8 24. Rd1 Bd7 25. d5 exd5 26. Bxd5 Be6 27. Rd4 1/2-1/2

[Event "HUN-chT Region CSB"]
[Site "Hungary"]
[Date "2022.01.15"]
[Round "4.1"]
[White "Lamik, Janos"]
[Black "Dibusz, Domonkos"]
[Result "1-0"]
[WhiteElo "1927"]
[BlackElo "2076"]
[PlyCount "101"]
[EventDate "2021.11.06"]
[EventType "team-swiss"]
[EventRounds "10"]
[EventCountry "HUN"]
[SourceTitle "EXT 2023"]
[Source "ChessBase"]
[SourceDate "2022.10.05"]
[SourceVersion "1"]
[SourceVersionDate "2022.10.05"]
[SourceQuality "1"]
[WhiteTeam "Asvanyraro Szigetkoezi"]
[BlackTeam "Tatabanya"]
[WhiteTeamCountry "HUN"]
[BlackTeamCountry "HUN"]

1. d4 Nf6 2. c4 e6 3. Nf3 Bb4+ 4. Bd2 a5 5. a3 Bxd2+ 6. Nbxd2 d5 7. Qc2 0-0 8. e4 dxe4 9. Nxe4 Nbd7 10. Bd3 Nxe4 11. Bxe4 f5 12. Bd3 Nf6 13. Rd1 b6 14. 0-0 c6 15. Rfe1 Qc7 16. h3 Bd7 17. Re2 Rae8 18. Ne5 g6 19. c5 b5 20. Qd2 a4 21. Bb1 Kg7 22. Rde1 Bc8 23. Qf4 Re7 24. Qf3 Nd5 25. Ba2 Rd8 26. h4 b4 27. Bc4 Bb7 28. h5 g5 29. h6+ Kh8 30. Bxd5 cxd5 31. axb4 Ba6 32. Rd2 Rg8 33. Qh5 Bb5 34. f4 Be8 35. Qf3 Qb7 36. fxg5 Qxb4 37. Qe3 Qb8 38. c6 Qd6 39. Qf4 Qb8 40. Rc1 Rf8 41. c7 Qc8 42. Rcc2 Kg8 43. Qh4 Bg6 44. Qf4 Be8 45. Rc5 Kh8 46. Nd3 Rff7 47. Qe5+ Kg8 48. Nf4 Bd7 49. Nh5 Be8 50. Nf6+ Kf8 51. Nxd5 1-0

[Event "HUN-chT Region CSB"]
[Site "Hungary"]
[Date "2022.01.15"]
[Round "3.1"]
[White "Lamik, Janos"]
[Black "Joo, Gabor"]
[Result "1-0"]
[WhiteElo "1927"]
[BlackElo "1970"]
[PlyCount "97"]
[EventDate "2021.11.06"]
[EventType "team-swiss"]
[EventRounds "10"]
[EventCountry "HUN"]
[SourceTitle "EXT 2023"]
[Source "ChessBase"]
[SourceDate "2022.10.05"]
[SourceVersion "1"]
[SourceVersionDate "2022.10.05"]
[SourceQuality "1"]
[WhiteTeam "Asvanyraro Szigetkoezi"]
[BlackTeam "Vasalja Hatarmenti"]
[WhiteTeamCountry "HUN"]
[BlackTeamCountry "HUN"]

1. Nf3 Nf6 2. d4 e6 3. g3 b6 4. Bg2 Bb7 5. c4 Be7 6. 0-0 0-0 7. Nc3 d5 8. Ne5 Nbd7 9. cxd5 exd5 10. Qa4 Nxe5 11. dxe5 Nd7 12. Nxd5 Nc5 13. Qd1 c6 14. Nxe7+ Qxe7 15. Qd6 Qxd6 16. exd6 Rad8 17. Rd1 Rfe8 18. Be3 Re6 19. Bxc5 bxc5 20. d7 Rxe2 21. Re1 Rxe1+ 22. Rxe1 Kf8 23. Bh3 g6 24. Rc1 f5 25. Rxc5 Rxd7 26. Ra5 Rd1+ 27. Bf1 a6 28. f4 Ke7 29. b3 Kd6 30. Kf2 Rd2+ 31. Be2 Rd5 32. Ra4 a5 33. Ke3 Kc7 34. Rd4 Rxd4 35. Kxd4 Kd6 36. Bc4 c5+ 37. Kc3 Be4 38. Bg8 h6 39. h4 Bd5 40. Bxd5 Kxd5 41. Kd3 h5 42. a3 Kd6 43. Kc4 Kc6 44. a4 Kd6 45. Kb5 Kd5 46. Kxa5 Ke4 47. Kb6 Kf3 48. a5 Kxg3 49. a6 1-0

[Event "Gyor Amateur op 3rd"]
[Site "Gyor"]
[Date "2015.06.06"]
[Round "5"]
[White "Balogh, Szabolcs"]
[Black "Lamik, Janos"]
[Result "1/2-1/2"]
[WhiteElo "1750"]
[BlackElo "1810"]
[PlyCount "26"]
[EventDate "2015.06.05"]
[EventType "swiss"]
[EventRounds "5"]
[EventCountry "HUN"]
[SourceTitle "CBM 166 Extra"]
[Source "ChessBase"]
[SourceDate "2015.06.18"]
[SourceVersion "1"]
[SourceVersionDate "2015.06.18"]
[SourceQuality "1"]

1. e4 e6 2. d4 d5 3. exd5 exd5 4. Bd3 Bd6 5. Nf3 Nf6 6. 0-0 0-0 7. h3 c5 8. dxc5 Bxc5 9. Bg5 Be6 10. Nbd2 Nbd7 11. c3 h6 12. Bh4 Qc7 13. Bg3 Bd6 1/2-1/2

[Event "Level op-A 3rd"]
[Site "Level"]
[Date "2015.03.28"]
[Round "4"]
[White "Kristof, Peter"]
[Black "Lamik, Janos"]
[Result "1-0"]
[WhiteElo "2178"]
[BlackElo "1792"]
[PlyCount "77"]
[EventDate "2015.03.27"]
[EventType "swiss"]
[EventRounds "7"]
[EventCountry "HUN"]
[SourceTitle "EXT 2020"]
[Source "ChessBase"]
[SourceDate "2019.10.17"]
[SourceVersion "1"]
[SourceVersionDate "2019.10.17"]
[SourceQuality "1"]

1. e4 e6 2. d4 d5 3. Nd2 c5 4. exd5 exd5 5. Ngf3 Nf6 6. Bb5+ Nc6 7. 0-0 Be7 8. Ne5 Qc7 9. Re1 Be6 10. Qe2 0-0 11. Bxc6 bxc6 12. Ndf3 Ne4 13. Bf4 Qb6 14. c3 f6 15. dxc5 Bxc5 16. Nd3 Bg4 17. Nxc5 Qxc5 18. h3 Bh5 19. g4 Bg6 20. Nd4 Rfe8 21. Qa6 Nxc3 22. bxc3 Qxc3 23. Be3 c5 24. Rac1 Qb4 25. Qb5 Qxb5 26. Nxb5 d4 27. Bf4 Rxe1+ 28. Rxe1 Bd3 29. a4 Bc2 30. a5 Ba4 31. Nc7 Rd8 32. Rc1 d3 33. Ne6 g5 34. Bd2 Re8 35. Nxc5 Re2 36. Nxa4 Rxd2 37. Nc5 Ra2 38. Nxd3 Rxa5 39. Kf1 1-0

[Event "Level op-A 3rd"]
[Site "Level"]
[Date "2015.03.28"]
[Round "3"]
[White "Lamik, Janos"]
[Black "Abraham, Andras"]
[Result "1-0"]
[WhiteElo "1792"]
[BlackElo "1695"]
[PlyCount "53"]
[EventDate "2015.03.27"]
[EventType "swiss"]
[EventRounds "7"]
[EventCountry "HUN"]
[SourceTitle "EXT 2020"]
[Source "ChessBase"]
[SourceDate "2019.10.17"]
[SourceVersion "1"]
[SourceVersionDate "2019.10.17"]
[SourceQuality "1"]

1. d4 d5 2. e3 e6 3. c4 Nf6 4. Nf3 Nbd7 5. a3 c5 6. dxc5 Nxc5 7. b4 Nce4 8. Bb2 b6 9. Be2 Bd6 10. cxd5 exd5 11. Bb5+ Bd7 12. Bxd7+ Qxd7 13. Nc3 0-0 14. 0-0 Rfe8 15. Rc1 Rac8 16. Qb3 Qf5 17. Nb5 Rxc1 18. Rxc1 Bb8 19. Nbd4 Qh5 20. Nc6 Ng4 21. Nxb8 Rxb8 22. Qc2 h6 23. Qc7 Re8 24. Qd7 f6 25. Rc7 Qg6 26. Nh4 Nc5 27. Qxd5+ 1-0

[Event "Level op-A 3rd"]
[Site "Level"]
[Date "2015.03.28"]
[Round "5"]
[White "Lamik, Janos"]
[Black "Czibulka, Zoltan"]
[Result "0-1"]
[WhiteElo "1792"]
[BlackElo "2008"]
[PlyCount "62"]
[EventDate "2015.03.27"]
[EventType "swiss"]
[EventRounds "7"]
[EventCountry "HUN"]
[SourceTitle "EXT 2020"]
[Source "ChessBase"]
[SourceDate "2019.10.17"]
[SourceVersion "1"]
[SourceVersionDate "2019.10.17"]
[SourceQuality "1"]

1. d4 Nf6 2. c4 d5 3. g3 c6 4. cxd5 cxd5 5. Bg2 e6 6. Nf3 Nc6 7. 0-0 Be7 8. Nc3 0-0 9. Bg5 h6 10. Bf4 Bd6 11. Qc1 Bxf4 12. Qxf4 a6 13. e4 dxe4 14. Nxe4 Nxe4 15. Qxe4 Qb6 16. Rab1 Rd8 17. Rfd1 Bd7 18. Rd3 Be8 19. Rb3 Qc7 20. Rc1 Rab8 21. Ne5 Qa5 22. Nc4 Qg5 23. f4 Qf6 24. Ne5 Rxd4 25. Qe3 Rbd8 26. Rxb7 Nxe5 27. Qxe5 Qxe5 28. fxe5 Rd1+ 29. Rxd1 Rxd1+ 30. Kf2 Rd2+ 31. Kg1 Rxg2+ 0-1

[Event "HUN-chT2 Szechenyi 1415"]
[Site "Hungary"]
[Date "2014.09.21"]
[Round "2.11"]
[White "Lamik, Janos"]
[Black "Barasits, Tibor"]
[Result "1/2-1/2"]
[WhiteElo "1797"]
[BlackElo "1600"]
[PlyCount "76"]
[EventDate "2014.09.07"]
[EventType "team-tourn"]
[EventRounds "11"]
[EventCountry "HUN"]
[SourceTitle "EXT 2016"]
[Source "ChessBase"]
[SourceDate "2015.10.08"]
[SourceVersion "1"]
[SourceVersionDate "2015.10.08"]
[SourceQuality "1"]
[WhiteTeam "Lovo"]
[BlackTeam "Arboretum"]
[WhiteTeamCountry "HUN"]
[BlackTeamCountry "HUN"]

1. d4 d5 2. e3 e6 3. c4 Nf6 4. Nf3 b6 5. Nbd2 Ba6 6. Qa4+ Qd7 7. Qxd7+ Nbxd7 8. cxd5 Bxf1 9. Nxf1 Nxd5 10. Ng3 c5 11. dxc5 Nxc5 12. 0-0 Bd6 13. e4 Ne7 14. e5 Bc7 15. Nh5 0-0 16. Nf4 h6 17. Be3 Nd7 18. Nd3 Nc6 19. Rac1 Ndb8 20. Rc3 Rd8 21. Rfc1 b5 22. g3 Ba5 23. Rb3 a6 24. Nc5 Rd5 25. Nd3 Ne7 26. Nf4 Rd8 27. Bc5 Nd5 28. Nxd5 Rxd5 29. Bd6 Nd7 30. Re3 Bb6 31. Rec3 f6 32. Rc8+ Rxc8 33. Rxc8+ Kh7 34. Re8 Nxe5 35. Bxe5 fxe5 36. Rxe6 Bd4 37. Nxd4 exd4 38. Re2 Kg6 1/2-1/2

[Event "HUN-chT4a 1314"]
[Site "Hungary"]
[Date "2014.03.08"]
[Round "8.2"]
[White "Lamik, Janos"]
[Black "Kurcsics, Mate"]
[Result "0-1"]
[WhiteElo "1780"]
[BlackElo "1902"]
[PlyCount "40"]
[EventDate "2013.09.28"]
[EventType "team-tourn"]
[EventRounds "9"]
[EventCountry "HUN"]
[SourceTitle "EXT 2016"]
[Source "ChessBase"]
[SourceDate "2015.10.08"]
[SourceVersion "1"]
[SourceVersionDate "2015.10.08"]
[SourceQuality "1"]

1. d4 Nf6 2. c4 e6 3. Nf3 b6 4. g3 Bb7 5. Bg2 d5 6. 0-0 dxc4 7. Qa4+ Nbd7 8. Qxc4 c5 9. Bf4 Rc8 10. Nc3 cxd4 11. Qxd4 Bc5 12. Qa4 a6 13. Rad1 b5 14. Qb3 0-0 15. Ne5 Bxg2 16. Kxg2 Qe7 17. Ne4 Nxe5 18. Nxc5 Rxc5 19. Qa3 Qb7+ 20. Kg1 Rd5 0-1

[Event "HUN-chT4 1314"]
[Site "Hungary"]
[Date "2014.01.19"]
[Round "6.1"]
[White "Lamik, Janos"]
[Black "Bereczki, Erno"]
[Result "1-0"]
[WhiteElo "1780"]
[BlackElo "1581"]
[PlyCount "152"]
[EventDate "2013.10.13"]
[EventType "team-tourn"]
[EventRounds "11"]
[EventCountry "HUN"]
[SourceTitle "EXT 2016"]
[Source "ChessBase"]
[SourceDate "2015.10.08"]
[SourceVersion "1"]
[SourceVersionDate "2015.10.08"]
[SourceQuality "1"]

1. d4 d5 2. e3 Nf6 3. c4 Bf5 4. Nf3 e6 5. a3 c5 6. dxc5 Bxc5 7. b4 Bd6 8. Bb2 Nbd7 9. Nbd2 0-0 10. cxd5 exd5 11. Be2 Qe7 12. 0-0 Ne5 13. Nxe5 Bxe5 14. Bxe5 Qxe5 15. Nf3 Qe4 16. Nd4 Bg6 17. Bf3 Qe5 18. Qb3 Be4 19. Rfd1 Rac8 20. Rac1 Rfd8 21. Qa4 a6 22. b5 axb5 23. Qxb5 Bxf3 24. Nxf3 Rxc1 25. Rxc1 Qe7 26. a4 Ng4 27. Rb1 Rd7 28. h3 Nf6 29. a5 Ne4 30. Rc1 h6 31. Rc8+ Kh7 32. Ne5 Qf6 33. f4 Qh4 34. Qe2 Re7 35. Rf8 f6 36. Nf3 Qg3 37. Rc8 Nd6 38. Qd3+ Ne4 39. Rc2 Qg6 40. g4 h5 41. Nh4 Qf7 42. Nf5 Rd7 43. Qe2 g6 44. Nd4 h4 45. Nf3 g5 46. Qd3 Qg6 47. fxg5 Nxg5 48. Qxg6+ Kxg6 49. Nxh4+ Kf7 50. Kg2 Ne4 51. Nf5 Kg6 52. h4 Nd6 53. Nxd6 Rxd6 54. Kf3 Ra6 55. Rc5 b6 56. axb6 Rxb6 57. Rxd5 Rc6 58. Kf4 Rc1 59. Rd2 Rf1+ 60. Kg3 Rg1+ 61. Rg2 Rf1 62. Rf2 Rg1+ 63. Kf4 Rb1 64. h5+ Kg7 65. e4 Rb4 66. Rf3 Rb5 67. Ra3 Rc5 68. Ra7+ Kh6 69. Rf7 Rc6 70. Kf5 Rc5+ 71. Kxf6 Rf5+ 72. Ke6 Rg5 73. Rf4 Kg7 74. e5 Kh6 75. Kd6 Kg7 76. Rf6 Rxg4 1-0

[Event "HUN-chT4a 1314"]
[Site "Hungary"]
[Date "2013.11.16"]
[Round "3.4"]
[White "Nemeth, Gabor"]
[Black "Lamik, Janos"]
[Result "0-1"]
[WhiteElo "1573"]
[BlackElo "1780"]
[PlyCount "62"]
[EventDate "2013.09.28"]
[EventType "team-tourn"]
[EventRounds "9"]
[EventCountry "HUN"]
[SourceTitle "EXT 2016"]
[Source "ChessBase"]
[SourceDate "2015.10.08"]
[SourceVersion "1"]
[SourceVersionDate "2015.10.08"]
[SourceQuality "1"]

1. f4 e6 2. Nf3 d5 3. b3 Nf6 4. Bb2 Nbd7 5. e3 c5 6. c4 b6 7. Bd3 Bb7 8. 0-0 Bd6 9. Ne5 Qe7 10. Be2 0-0-0 11. d4 Ne4 12. Nd2 Nxd2 13. Qxd2 f6 14. Nxd7 Rxd7 15. Bf3 dxc4 16. Bxb7+ Kxb7 17. bxc4 cxd4 18. exd4 e5 19. fxe5 fxe5 20. Rae1 e4 21. Qe3 Re8 22. Qh3 Rdd8 23. Re3 Qc7 24. Rc1 Bf4 25. Ree1 Bxc1 26. Rxc1 e3 27. Qf3+ Kb8 28. Qe2 Qf4 29. Rf1 Qe4 30. Qf3 Qxf3 31. gxf3 Rc8 0-1

[Event "Mosonmagyarovar op 2nd"]
[Site "Mosonmagyarovar"]
[Date "2013.06.01"]
[Round "5"]
[White "Lamik, Janos"]
[Black "Finszter, Mate"]
[Result "1/2-1/2"]
[WhiteElo "1719"]
[BlackElo "2128"]
[PlyCount "65"]
[EventDate "2013.05.31"]
[EventType "swiss"]
[EventRounds "7"]
[EventCountry "HUN"]
[SourceTitle "EXT 2014"]
[Source "ChessBase"]
[SourceDate "2013.11.20"]
[SourceVersion "1"]
[SourceVersionDate "2013.11.20"]
[SourceQuality "1"]

1. d4 Nf6 2. e3 e6 3. Nf3 c5 4. Be2 b6 5. 0-0 Bb7 6. Nbd2 Be7 7. b3 0-0 8. Bb2 Nc6 9. c4 cxd4 10. Nxd4 Nxd4 11. Bxd4 d6 12. Bf3 Qc7 13. Bxb7 Qxb7 14. Qf3 Qc7 15. Ne4 Nxe4 16. Qxe4 Rfe8 17. Rfd1 Bf8 18. Rd2 Rad8 19. Rad1 Rd7 20. Bb2 Qc5 21. Qd4 Qa5 22. Bc3 Qa3 23. Qe4 Rc8 24. Be5 h6 25. g3 a6 26. Qd3 Qc5 27. Bd4 Qc6 28. Bb2 f5 29. Ba3 g5 30. Qe2 g4 31. Rd4 Rcd8 32. e4 Bg7 33. exf5 1/2-1/2